Vidiecky cestovný ruch v regióne pod Pajštúnom (oblasť Záhorie) diplomová práca

Guardado en:
Detalles Bibliográficos
Autor principal: Klasová, Dana
Autor Corporativo: Obchodná fakulta EU. Katedra služieb a cestovného ruchu - zrušené
Otros Autores: Sniščák, Vincent
Formato: Libro
Lenguaje:eslovaco
Publicado: Bratislava 2008
Etiquetas: Agregar Etiqueta
Sin Etiquetas, Sea el primero en etiquetar este registro!

MARC

LEADER 00000nam$a2200000$$$4500
001 0081639
005 20240201120649.5
041 0 |a slo 
044 |a SK 
245 1 0 |a Vidiecky cestovný ruch v regióne pod Pajštúnom (oblasť Záhorie)  |b diplomová práca  |c Dana Klasová ; škol. Vincent Sniščák 
264 1 |a Bratislava  |c 2008 
300 |a 80 s. 
100 1 |a Klasová, Dana 
700 1 |a Sniščák, Vincent 
710 2 |a Obchodná fakulta EU. Katedra služieb a cestovného ruchu - zrušené